| 000 | 00660nam a2200229Ia 4500 | ||
|---|---|---|---|
| 003 | OSt | ||
| 005 | 20220918204615.0 | ||
| 006 | a|||||r|||| 00| 0 | ||
| 007 | ta | ||
| 008 | 220917b |||||||| |||| 00| 0 eng d | ||
| 024 | _a113,420 | ||
| 037 | _cTextual | ||
| 040 |
_aARTS _cARTS _beng |
||
| 041 |
_2eng _aeng |
||
| 082 | _aV55:19058:N3, J7 | ||
| 100 |
_aFreund Gerald _9112519 |
||
| 245 | 0 |
_aUnholy alliance _b Russian German relations from the treaty of BrestLitovsk to the treaty of Berlin |
|
| 260 |
_aNA _bNA _c1957 |
||
| 650 | _aHISTORY | ||
| 942 |
_hV55:19058:N3, J7 _cTEXL _2CC |
||
| 999 |
_c236753 _d236753 |
||